000 00822nam a22002177a 4500
005 20100802154849.0
010 _aENG-97796
020 _a9788190879231
_c75.00
035 _aEN-81329
037 _bDBAD/PUB
082 _a519.5
100 _aBabu Raj, P.
_94467
245 _aEconomic and business statistics :
_bfor B.A. economics and B.B.A /
_cby P. Babu Raj
260 _aTholayavattam
_bAnnai Velankanni College
_c2009
270 _aDept. of Economics, Annai Velankanni College
_bTholayavattam
300 _a139p.
_c20cm (pbk)
650 _aEconomics - Statistical Method
_94468
650 _aCommercial Statistics
_94469
942 _2ddc
_cEN
_h519.5
_mBAB
999 _c38761
_d38761